Elementos terras raras - Statistics

Estatísticas Gerais
  • Esse quiz foi jogado 13 vezes
  • A pontuação média é 11 de 17
Estatísticas das Respostas
Elemento % Correto
Lantânio
100%
Neodímio
91%
Disprósio
82%
Praseodímio
82%
Samário
82%
Európio
73%
Promécio
73%
Cério
64%
Gadolínio
64%
Lutécio
64%
Túlio
64%
Érbio
45%
Itérbio
45%
Térbio
45%
Hólmio
36%
Ítrio
36%
Escândio
27%
Nenhum quiz correspondente encontrado
Distribuição das Pontuações
Porcentagem de Pessoas com Cada Pontuação
Percentil de Números Respondidos
Sua Pontuação Histórica
Você não jogou esse quiz